Vista normal
Vista MARC
Entrada Corporate Name
Número de registros utilizados en: 1
001 - CONTROL NUMBER
- control field: 13877
003 - CONTROL NUMBER IDENTIFIER
- control field: DLC
005 - DATE AND TIME OF LATEST TRANSACTION
- control field: 20230308095901.0
008 - FIXED-LENGTH DATA ELEMENTS
- fixed length control field: 800625n| azannaabn |b ana
010 ## - LIBRARY OF CONGRESS CONTROL NUMBER
- LC control number: n 80002499
035 ## - SYSTEM CONTROL NUMBER
- System control number: (OCoLC)oca00385189
040 ## - CATALOGING SOURCE
- Original cataloging agency: DLC
- Language of cataloging: spa
- Description conventions: rda
- Transcribing agency: Mx-PuUPA
- Modifying agency: DLC
- Modifying agency: OCoLC
- Modifying agency: IEN
- Modifying agency: DNLM
- Modifying agency: DLC
- Modifying agency: Mx-PuUPA
110 2# - HEADING--CORPORATE NAME
- Corporate name or jurisdiction name as entry element: American Diabetes Association,
374 ## - OCCUPATION
- Occupation: Autor
377 ## - ASSOCIATED LANGUAGE
- Language code: eng
410 2# - SEE FROM TRACING--CORPORATE NAME
- Corporate name or jurisdiction name as entry element: ADA (American Diabetes Association)
410 2# - SEE FROM TRACING--CORPORATE NAME
- Corporate name or jurisdiction name as entry element: A.D.A. (American Diabetes Association)
410 2# - SEE FROM TRACING--CORPORATE NAME
- Corporate name or jurisdiction name as entry element: אגודה האמריקאית לסוכרת
410 2# - SEE FROM TRACING--CORPORATE NAME
- Corporate name or jurisdiction name as entry element: Asociación Americana de la Diabetes
670 ## - SOURCE DATA FOUND
- Source citation: Its Proceedings ... 1941-
670 ## - SOURCE DATA FOUND
- Source citation: Exch. lists for weight mgt., c1989:
- Information found: cover (American Diabetes Association; ADA)
670 ## - SOURCE DATA FOUND
- Source citation: Diccionario de la diabetes, 2015:
- Information found: t.p. (Asociación Americana de la Diabetes, Alexandria [Virginia])